000
00278nam a22001217a 4500
040
_c
NUST
082
_a
923.1 BUS
100
_a
Woodward, Bob
_9
37767
245
_a
Bush at War
260
_a
Lahore:
_b
Tayyab Publisher,
_c
2004.
650
_a
Bush at War
_9
58527
942
_2
ddc
_c
BK
999
_c
595771
_d
595771